Представление документа в формате MARC21

Поле Инд. ПП Название Значение
Тип записи a
Библиографический уровень m
001 Контрольный номер RU/IS/BASE/264547794
005 Дата корректировки 20250425152852.0
008 Кодируемые данные 19971215
040 00 e Правила каталог. Л 971215
084 a Индекс другой классификации/Индекс ББК 84(4Вел)52-44
090 00 a Полочн. индекс 84(4Вел)52-44
x Авторский знак Э 464
097 00 a 210
100 10 a Автор Элиот Д.
q Полное имя Элиот Джордж; Эванс Мэри Анн
u Дополнение к имени Эванс М. А.
245 00 a Заглавие Мидлмарч
b Продолж. заглавия картины провинциальной жизни
c Ответственность перевод с английского И. Гуровой, Е. Коротковой; вступительная статья В. Скороденко
260 00 a Место издания Москва
b Издательство Художественная литература
c Дата издания 1981
300 00 a Объем 895 с.
336 a Термин вида содержания Текст
337 a Термин типа средства непосредственный
650 04 a Основная рубрика художественная литература
653 00 a Ключевые слова XIX век
a Ключевые слова английская литература
a Ключевые слова Великобритания
655 00 a Жанр/ форма (устаревшее) проза
a Жанр/ форма (устаревшее) роман
700 10 a Автор Скороденко В.
e Роль лиц автор вступительной статьи
700 10 a Автор Гурова И.
e Роль лиц переводчик
700 10 a Автор Короткова Е.
e Роль лиц переводчик
787 18 w Контрольный номер связываемой записи RU/IS/BASE/264547793
901 t Тип документа m
952 a Тип литературы для КСУ ВШ ЛХИ